|
|
|
|
| LEADER |
00000nam0a2200000 4500 |
| 001 |
35528 |
| 005 |
20231030233950.0 |
| 035 |
|
|
|a (RuTPU)RU\TPU\book\35962
|
| 035 |
|
|
|a BOOK00002614
|
| 090 |
|
|
|a 35528
|
| 100 |
|
|
|a 20011210d1986 k y0rusy50 ca
|
| 101 |
0 |
|
|a rus
|
| 102 |
|
|
|a RU
|
| 105 |
|
|
|a y z 000zy
|
| 200 |
1 |
|
|a Контроль загазованности атмосферы выбросами ТЭС
|f Э. П. Волков
|
| 210 |
|
|
|a Москва
|c Энергоатомиздат
|d 1986
|
| 215 |
|
|
|a 255 с.
|
| 610 |
1 |
|
|a тепловые электрические станции
|
| 610 |
1 |
|
|a газы
|
| 610 |
1 |
|
|a атмосфера
|
| 610 |
1 |
|
|a выбросы
|
| 610 |
1 |
|
|a вредные воздействия
|
| 610 |
1 |
|
|a концентрации
|
| 610 |
1 |
|
|a контроль
|
| 610 |
1 |
|
|a схемы
|
| 675 |
|
|
|a 621.311.22:628
|v 3
|
| 700 |
|
1 |
|a Волков
|b Э. П.
|g Эдуард Петрович
|
| 801 |
|
0 |
|a RU
|b 63413507
|c 20011210
|g PSBO
|
| 801 |
|
2 |
|a RU
|b 63413507
|c 20131212
|g PSBO
|
| 900 |
|
|
|a ТЭС и охрана окружающей среды
|
| 942 |
|
|
|c BK
|